=LDR 00000nam 2200000 4500 =001 INLIS000000000036861 =005 20130612142625 =008 ***********************************Ind** =035 ##$$0010-061300000036861 =041 ##$$a Ind =082 ##$$a 641.8 =090 ##$$a 641.8, Kue k =245 ##$$a Kue basah, tanpa terigu, editor, Intarina Hardiman =260 ##$$a 2011 $b Jakarta =300 ##$$a 64 hlm, ilus, 25 cm =650 ##$$a Kue-resep =850 ##$$a NBPNMAT